01226na a2200277 450000100060000000300080000600500170001400800410003104000250007204100080009710000690010522200430017424501640021724600510038126000370043230000180046944000440048760000470053160001140057861000320069265000620072465700420078671000080082874000920083683000200092822001MIRAKIL20181213155226.0170209b tu 000 0  aMilasbturcTR-AnCHP atur aİnönü, ErdalcGenel Başkanı ve Başbakan yardımcısı aErdal İnönü'nün konuşmaları aSosyaldemokrat Halkçı Parti Genel Başkanı Erdal İnönü'nün 3. Olağan Kurultayı Açış Konuşması (27-28 Temmuz 1991)c[Erdal İnönü] a3. Olağan Kurultayı Açış Konuşması  aAnkarab[SHP]c27-28 Temmuz 1991 a27 s.c27 sm. aSHP yayınlarıpSöylev ve demeçler aİnönü, ErdalxSöylev ve demeçler aİnönü, ErdalcGenel Başkanı ve Başbakan yardımcısıxKonuşmalar, 1991yOlağan Kurultay, 1991 aSHPxSöylev ve demeçler aSHP Genel başkanlarıxİnönü, ErdalyKonuşmalar aErdal İnönünün konuşmaları aSHP aSHP Genel başkanı ve Başbakan yardımcısı Erdal İnönü'nün konuşmaları aSHP yayınları